Working Well : Managing For Health And High Performance / (Record no. 27241)

000 -LEADER
fixed length control field 00850nam a22002417a 4500
001 - CONTROL NUMBER
control field 0000002003
003 - CONTROL NUMBER IDENTIFIER
control field PPM
005 - DATE AND TIME OF LATEST TRANSACTION
control field 20260429154007.0
008 - FIXED-LENGTH DATA ELEMENTS--GENERAL INFORMATION
fixed length control field 260429b ||||| |||| 00| 0 eng d
020 ## - INTERNATIONAL STANDARD BOOK NUMBER
International Standard Book Number 0704505428
Terms of availability RM 17.00
Qualifying information Paperback
035 ## - SYSTEM CONTROL NUMBER
System control number 0000002003
040 ## - CATALOGING SOURCE
Language of cataloging Eng
Transcribing agency Pusat Penyelidikan Mineral, Jabatan Mineral Dan Geosains Malaysia
Modifying agency PPM
Description conventions RDA
082 00 - DEWEY DECIMAL CLASSIFICATION NUMBER
Edition number 19
Classification number 658.314
Item number BLA 1985
100 1# - MAIN ENTRY--PERSONAL NAME
Personal name Blanchard, Marjorie,
Dates associated with a name 1940-
245 10 - TITLE STATEMENT
Title Working Well : Managing For Health And High Performance /
Statement of responsibility, etc. by Marjorie Blanchard, Mark J. Tager
260 #1 - PUBLICATION, DISTRIBUTION, ETC.
Place of publication, distribution, etc. New York :
Name of publisher, distributor, etc. Wildwood House ,
Date of publication, distribution, etc. 1985
300 00 - PHYSICAL DESCRIPTION
Extent 240 pages .:
Other physical details illustrations .:
Dimensions 21 cm
504 ## - BIBLIOGRAPHY, ETC. NOTE
Bibliography, etc. note Includes bibliographical references
650 10 - SUBJECT ADDED ENTRY--TOPICAL TERM
Topical term or geographic name entry element Industrial hygiene
General subdivision Management.
650 20 - SUBJECT ADDED ENTRY--TOPICAL TERM
Topical term or geographic name entry element Work environment.
700 1# - ADDED ENTRY--PERSONAL NAME
Personal name Tager, Mark
Relator term joint author
942 ## - ADDED ENTRY ELEMENTS (KOHA)
Source of classification or shelving scheme
Koha item type Books
Holdings
Withdrawn status Lost status Source of classification or shelving scheme Damaged status Not for loan Collection code Permanent Location Current Location Shelving location Date acquired Cost, normal purchase price Total Checkouts Full call number Date last seen Price effective from Koha item type
Available         Open Shelf PPM PPM Open Shelf 29/04/2026 17.50   658.314 BLA 1985 29/04/2026 29/04/2026 Books